[Event "Nantes op 3rd"]
[Site "Nantes"]
[Date "2004.12.29"]
[Round "6"]
[White "Jaulin, Philippe"]
[Black "Critescu, Florin"]
[Result "1-0"]
[WhiteElo "2141"]
[BlackElo "2010"]
[PlyCount "63"]
[EventDate "2004.12.27"]
[EventType "swiss"]
[EventRounds "7"]
[EventCountry "FRA"]
[SourceTitle "EXT 2006"]
[Source "ChessBase"]
[SourceDate "2005.11.24"]
[SourceVersion "1"]
[SourceVersionDate "2005.11.24"]
[SourceQuality "1"]

1. e4 e6 2. d4 d5 3. Nc3 dxe4 4. Nxe4 Bd7 5. Nf3 Bc6 6. Bd3 Bxe4 7. Bxe4 c6 8. 0-0 Nf6 9. Bd3 Bd6 10. c4 Nbd7 11. Re1 Qa5 12. c5 Be7 13. Bf4 Nd5 14. Bd2 Qc7 15. Bc4 N7f6 16. Ne5 Rd8 17. Qa4 b5 18. cxb6 Nxb6 19. Qb3 Rxd4 20. Bc3 Rh4 21. g3 Rh5 22. Bxe6 fxe6 23. Qxe6 Rf8 24. Nxc6 Rf7 25. Bxf6 Rxf6 26. Qg8+ Rf8 27. Qxg7 Rf7 28. Qg8+ Rf8 29. Qe6 Rf7 30. Nxe7 Rxe7 31. Qg8+ Kd7 32. Qg4+ 1-0